000 00264nam a2200109Ia 4500
008 200302s9999 xx 000 0 und d
100 _aWitt Clinton Pond
245 _aEngineering for Architects
260 _bColumbia University Press
260 _c1915
300 _a103 P.,
999 _c6
_d6